000 00249nam a2200109Ia 4500
008 190216s9999||||xx |||||||||||||| ||und||
100 _aPavithran
245 0 _aChillukottarathinde Kavalkar
260 _bDc Books
650 _aMalayalam
942 _cBK
999 _c26043
_d26043